000 00530nam a2200205Ia 4500
001 43068
003 PK-LaUMT
005 20260630123607.0
008 140425s9999 xx 000 0 und d
020 _aNA
040 _cPK-LaUMT
082 _aRHC 891.4394
_bIQB-A
100 1 _aIqbal, Allama Muhammad
_92459
245 _aAshoob-e-aagaahi (Urdu)
_cIqbal, Muhammad
260 _aSargodha,Pakistan:
_bMuhammad Iqbal,
_c2007
300 _a110 p.
546 _aUR
650 _aPakistani literature-Urdu
_94315
942 _cBK
_2ddc
999 _c41079
_d41079